000
00289nam a2200109Ia 4500
005
20251222154314.0
008
251222s9999||||xx |||||||||||||| ||spa||
020
_a
980-6810-01-5
082
_a
338.92/C78C
245
0
_a
Camino a la transformación productiva en América Latina
942
_c
LIB
999
_c
33516
_d
33516